<?xml version="1.0" encoding="UTF-8"?>
<record
    xmlns:xsi="http://www.w3.org/2001/XMLSchema-instance"
    xsi:schemaLocation="http://www.loc.gov/MARC21/slim http://www.loc.gov/standards/marcxml/schema/MARC21slim.xsd"
    xmlns="http://www.loc.gov/MARC21/slim">

  <leader>01971naa a2200277 i 4500</leader>
  <controlfield tag="001">640</controlfield>
  <controlfield tag="003">KOSZ 005</controlfield>
  <controlfield tag="005">20180425125437.0</controlfield>
  <controlfield tag="008">140701s2007    pl     f     |100 0 pol</controlfield>
  <datafield tag="040" ind1=" " ind2=" ">
    <subfield code="c">BPK</subfield>
    <subfield code="d">KOSZ 005/EG</subfield>
  </datafield>
  <datafield tag="041" ind1=" " ind2=" ">
    <subfield code="a">pol</subfield>
    <subfield code="b">eng</subfield>
  </datafield>
  <datafield tag="044" ind1=" " ind2=" ">
    <subfield code="a">pl</subfield>
  </datafield>
  <datafield tag="080" ind1=" " ind2=" ">
    <subfield code="a">621.791/.795</subfield>
  </datafield>
  <datafield tag="100" ind1="1" ind2=" ">
    <subfield code="a">HRYNIEWICZ, Tadeusz.</subfield>
    <subfield code="d">1996 - .</subfield>
    <subfield code="b">Politechnika Koszali&#x144;ska - Wydzia&#x142; Mechaniczny,</subfield>
    <subfield code="c">Katedra Elektrochemii i Technologii Powierzchni</subfield>
  </datafield>
  <datafield tag="245" ind1="1" ind2="0">
    <subfield code="a">Badanie napr&#x119;&#x17C;e&#x144; i odkszta&#x142;ce&#x144; po deformacji walca, sto&#x17C;ka i pryzmy przy pomocy programu ANSYS = </subfield>
    <subfield code="b">The studies of stresses and strains using ANSYS after deformation of cylinder, cone and prism /</subfield>
    <subfield code="c">Tadeusz Hryniewicz, Krzysztof Rokosz, &#x141;ukasz Rypina, Adam Biniek, Arkadiusz &#x141;omiak.</subfield>
  </datafield>
  <datafield tag="500" ind1=" " ind2=" ">
    <subfield code="a">Dane z autopsji.</subfield>
  </datafield>
  <datafield tag="520" ind1=" " ind2=" ">
    <subfield code="a">Przedstawiono numeryczn&#x105; analiz&#x119; procesu zgniotu walca, sto&#x17C;ka i pryzmy, w celu okre&#x15B;lenia rozk&#x142;adu napr&#x119;&#x17C;e&#x144; i odkszta&#x142;ce&#x144; wyst&#x119;puj&#x105;cych w danym elemencie. Obliczenia wykonano metod&#x105; element&#xF3;w sko&#x144;czonych (MES) w systemie ANSYS/LSDYNA. Do analizy u&#x17C;yto modelu materia&#x142;owego spr&#x119;&#x17C;ysto-lepko-plastycznego ze wzmocnieniem izotropowym (model Cowpera-Symondsa).</subfield>
  </datafield>
  <datafield tag="650" ind1=" " ind2="0">
    <subfield code="a">ANSYS.</subfield>
  </datafield>
  <datafield tag="650" ind1=" " ind2="0">
    <subfield code="a">Napr&#x119;&#x17C;enia i odkszta&#x142;cenia.</subfield>
  </datafield>
  <datafield tag="655" ind1=" " ind2="0">
    <subfield code="a">Materia&#x142;y konferencyjne.</subfield>
  </datafield>
  <datafield tag="700" ind1="1" ind2=" ">
    <subfield code="a">ROKOSZ, Krzysztof.</subfield>
    <subfield code="d">2002 - .</subfield>
    <subfield code="b">Politechnika Koszali&#x144;ska - Wydzia&#x142; Mechaniczny,</subfield>
    <subfield code="c">Katedra Elektrochemii i Technologii Powierzchni</subfield>
  </datafield>
  <datafield tag="700" ind1="1" ind2=" ">
    <subfield code="a">RYPINA, &#x141;ukasz.</subfield>
    <subfield code="d">2009 - .</subfield>
    <subfield code="b">Politechnika Koszali&#x144;ska - Uczelniane Centrum Kszta&#x142;cenia na Odleg&#x142;o&#x15B;&#x107; Studia NET</subfield>
  </datafield>
  <datafield tag="711" ind1="2" ind2="2">
    <subfield code="a">S&#x142;upskie Forum Motoryzacji</subfield>
    <subfield code="n">(10 ;</subfield>
    <subfield code="d">2007 ;</subfield>
    <subfield code="c">S&#x142;upsk, Polska).</subfield>
    <subfield code="p">S&#x142;upskie Forum Motoryzacji'2007</subfield>
  </datafield>
  <datafield tag="773" ind1="0" ind2=" ">
    <subfield code="i">W :</subfield>
    <subfield code="t">X Konferencja Naukowo-Techniczna nt. "Innowacje w motoryzacji a ochrona &#x15B;rodowiska" : [X S&#x142;upskie Forum Motoryzacji], S&#x142;upsk 25.5.2007 : praca zbiorowa / pod red. Leona Kukie&#x142;ki. -</subfield>
    <subfield code="d">S&#x142;upsk : Starostwo Powiatowe, 2007. -</subfield>
    <subfield code="g">s. 133-140</subfield>
  </datafield>
  <datafield tag="942" ind1=" " ind2=" ">
    <subfield code="c">ROZ</subfield>
    <subfield code="2">UKD</subfield>
  </datafield>
  <datafield tag="999" ind1=" " ind2=" ">
    <subfield code="c">640</subfield>
    <subfield code="d">640</subfield>
  </datafield>
  <datafield tag="952" ind1=" " ind2=" ">
    <subfield code="0">0</subfield>
    <subfield code="1">0</subfield>
    <subfield code="4">0</subfield>
    <subfield code="7">0</subfield>
    <subfield code="a">BPK</subfield>
    <subfield code="b">BPK</subfield>
    <subfield code="o">84506</subfield>
    <subfield code="y">ROZ</subfield>
  </datafield>
</record>
